[Event "Budapest Spring Festival 2018"]
[Site "Budapest"]
[Date "2018.04.18"]
[Round "1"]
[White "Banusz, Tamas"]
[Black "Nguyen, Van Thanh"]
[Result "1/2-1/2"]
[WhiteElo "2617"]
[BlackElo "2352"]
[Annotator "TA"]
[PlyCount "133"]
[EventDate "2018.??.??"]
[EventType "swiss"]
[EventCountry "HUN"]
[SourceTitle "playchess.com"]
[Source "ChessBase"]
[SourceQuality "1"]

{[%evp 21,133,37,34,27,110,109,137,135,133,113,138,115,125,113,154,62,72,67,66,42,60,51,71,64,59,34,124,124,124,118,118,116,124,132,124,110,112,102,168,4,16,22,77,64,427,439,661,665,627,610,1069,1069,1035,1027,647,258,264,258,258,245,252,205,212,110,116,118,125,0,0,0,0,-5,-5,-6,-6,-7,-8,-8,-8,-140,-140,-140,-22,-479,-486,-334,-289,-424,-125,-246,-8,-237,-235,-422,-380,-29955,-29960,-29965,-5608,-29964,-29964,-29954,-7044,-29960,-29962,-29962,-29963,-29960,-7147,-4610,0,0,0,0]} 1. Nf3 Nf6 2. g3 d5 3. Bg2 c6 4. c4 dxc4 5. O-O Nbd7 6. Na3 Nb6 7. Qc2 Be6 {A11: English Opening: 1...c6} 8. Ne5 (8. Ng5 Bg4 9. Nxc4 Bxe2 10. Ne5 Bh5 11. b4 e6 12. b5 Bd6 13. Bb2 Bxe5 14. Bxe5 Bg6 15. Qb3 {½-½ (25) Nepomniachtchi,I (2751)-Karjakin,S (2763) Moscow 2018}) 8... Qd4 9. Nxc6 bxc6 10. Bxc6+ Bd7 11. Bxa8 Nxa8 {LiveBook: 3 Games} 12. Nxc4 e6 $146 (12... Nb6 $11 13. d3 Bh3) ({Predecessor:} 12... Qd5 13. d3 {1-0 (44) Ladva,O (2532)-Kumsiashvili,N (2403) Riga 2017}) 13. d3 $1 $16 Qd5 14. e4 Qh5 15. Bf4 $1 Nb6 16. Nd6+ Bxd6 17. Bxd6 Ng4 {[%csl Gg4][%cal Rh5h2,Bf6g4,Bg4e5,Be5c6][%mdl 32]} 18. h4 ({Better is} 18. f3 $16 Ne5 19. Qc7) 18... Ne5 $1 $14 19. f4 Nc6 $1 20. Qf2 f6 21. Rac1 Qb5 22. Rfd1 Kf7 23. g4 Qa4 (23... Rd8 $14) 24. b3 $36 {[%mdl 2048] Black is under strong pressure.} Qd4 25. Bc5 Qxf2+ 26. Kxf2 e5 27. f5 h5 28. d4 hxg4 29. Kg3 $1 g6 (29... exd4 $16 30. Bxd4 Ke8) 30. d5 $2 ({White should play} 30. fxg6+ $18 Kxg6 31. dxe5 Nxe5 32. Bd4) 30... gxf5 31. Bxb6 ({Don't take} 31. dxc6 $6 f4+ 32. Kf2 Bxc6 $16) 31... f4+ (31... Ne7 $11 {keeps the balance.} 32. Rc7 (32. Bxa7 fxe4 33. Rc7 Ke8 $16) 32... f4+ 33. Kf2 g3+ 34. Kf3 Ke8) 32. Kg2 axb6 $2 {[%mdl 8192]} ({Black should try} 32... Ne7 $1 $14) 33. dxc6 $14 {[%mdl 4096] Endgame KRR-KRB} Bc8 (33... Be6 $142 34. c7 Ke7) 34. c7 $18 Rxh4 35. Rd8 Bb7 36. c8=Q Bxc8 37. Rdxc8 Rh3 38. Rb8 $2 (38. R1c7+ Ke6 39. Rc6+ Kf7 40. Rxb6 Rg3+ 41. Kf2) 38... Rg3+ 39. Kf2 Rf3+ 40. Ke2 {Threatens to win with Rc7+.} Re3+ 41. Kd2 {Hoping for Rc7+.} Rxe4 {intending ...f3.} 42. Rxb6 (42. Rc4 $1 $18 {[%cal Rc4e4]} Re3 43. Rxb6) 42... f3 $16 43. Kd3 $1 {[%cal Rd3e4]} Rf4 44. Rbc6 (44. Ke3 $16 g3 45. Rb7+ Kg6 46. Rb8) 44... g3 $11 45. Rc7+ Kg6 {aiming for ...g2.} 46. Rg1 f2 47. Rxg3+ Kf5 48. Rc1 f1=Q+ 49. Rxf1 Rxf1 {KR-KR} 50. Re3 (50. a4 $11) 50... Rd1+ $17 51. Kc2 Rd8 (51... Ra1 $1 $17 52. Kb2 Rh1) 52. Rf3+ $2 {[%mdl 8192] [#]} (52. b4 $1 $11) 52... Kg5 $1 $19 53. Rd3 Ra8 54. a4 (54. Rd1 $142 Rxa2+ 55. Kc3) 54... Kf4 $2 (54... f5 $19 55. Rd1 e4) 55. Rd5 (55. b4 $17) 55... Ke4 $2 (55... f5 $19 56. a5 Ke4) 56. Rc5 $2 (56. Rd1 $11 {and White has nothing to worry.}) 56... f5 {[%cal Bf6f5,Bf5f4,Bf4f3,Bf3f2][%mdl 32]} 57. a5 $2 (57. Kd2 Ra6 58. a5) 57... f4 58. b4 $2 (58. Kd2 $19 Ra6 59. b4) 58... f3 59. Kd2 Kd4 (59... Rf8 $142 60. Ke1 Kd4 61. Rc7 e4 62. Rg7 Rh8 63. Kf2 Rh2+ 64. Kg1 f2+ 65. Kf1 e3 66. Ke2 Rh1 67. Rd7+ Kc4 68. Rc7+ Kxb4 69. Rf7 Kxa5 70. Kxe3 f1=Q 71. Rxf1 Rxf1 72. Ke2 Rf4 73. Kd2 Kb4 74. Ke3 Rh4 75. Kd3 Kb3 76. Kd2 Kc4 77. Ke3 Kc3 78. Ke2 Re4+ 79. Kf2 Kd2 80. Kf3 Rd4 81. Kg2 Ke3 82. Kg3 Ke2 83. Kg2 Rd3 84. Kh1 Kf1 85. Kh2 Kf2 86. Kh1 Rh3#) 60. Rc6 Rf8 61. Rd6+ Kc4 62. Ke1 {[#]} e4 $1 {[%cal Re4e3]} 63. Re6 f2+ 64. Kf1 Kd4 (64... Kd3 $142 65. a6 Rf7 66. Rd6+ Ke3 67. Rh6 Rg7 68. Rh3+ Kd2 69. Kxf2 Rf7+ 70. Kg2 e3 71. Rh5 e2 72. Rd5+ Ke3 73. Re5+ Kd2 74. Rd5+ Ke3 75. Re5+ Kd2 76. Rd5+) 65. Rd6+ Kc4 $2 (65... Ke3 $19 {( -> ...Rg8)} 66. Rh6 Rd8 67. Rh3+ Kd2 68. Kxf2 Re8) 66. Rd1 Kxb4 67. Rd4+ {Precision: White = 44%, Black = 48%.} 1/2-1/2

[Event "Budapest Spring Festival 2018"]
[Site "Budapest"]
[Date "2018.04.18"]
[Round "1"]
[White "Gledura, Benjamin"]
[Black "Vymazal, Bronislav"]
[Result "1-0"]
[WhiteElo "2616"]
[BlackElo "2347"]
[Annotator "TA"]
[PlyCount "99"]
[EventDate "2018.??.??"]
[EventType "swiss"]
[EventCountry "HUN"]
[SourceTitle "playchess.com"]
[Source "ChessBase"]
[SourceQuality "1"]

{[%evp 20,99,15,42,54,50,56,49,54,55,67,71,74,43,52,32,44,39,39,23,63,60,57,54,65,51,55,58,69,49,82,58,99,101,125,131,135,141,172,175,180,168,234,233,270,271,273,233,339,331,281,141,156,154,150,157,153,147,134,87,83,72,90,82,82,70,154,153,209,8,8,8,8,8,2,0,298,288,281,266,29982,29983]} 1. Nf3 f5 2. g3 Nf6 3. Bg2 g6 4. b3 Bg7 5. Bb2 d6 6. d4 O-O 7. O-O Ne4 8. c4 Nc6 9. Nc3 e5 10. dxe5 Nxc3 11. Bxc3 {LiveBook: 36 Games} Re8 $146 {[%cal Rd6e5] A89: Dutch Defence: Leningrad System: 5 Nf3 0-0 6 0-0 d6 7 Nc3 Nc6} ({Predecessor:} 11... Qe8 12. b4 Nxe5 13. Rc1 Qe7 14. c5 Nxf3+ 15. Bxf3 dxc5 16. Bxg7 Kxg7 17. bxc5 c6 18. Qd4+ Qf6 19. Qb4 {1-0 (48) Laznicka,V (2665)-Berg,E (2575) Reykjavik 2015}) 12. Qd5+ Be6 13. Qb5 Rb8 {White is slightly better.} 14. Rad1 a6 15. Qa4 Bd7 {next ...Nd4! is good for Black.} 16. Qa3 (16. c5 $5) 16... Nxe5 17. Nd4 Qe7 18. e3 Nf7 19. Qa5 c6 20. Ne2 Bxc3 21. Qxc3 Rbd8 22. Rd4 Qe5 23. Rfd1 Bc8 24. h4 Kg7 25. Nf4 Kf8 26. b4 c5 27. bxc5 dxc5 28. Qa3 Kg7 29. Rd5 Rxd5 30. Bxd5 ({Don't take} 30. Rxd5 Qa1+ 31. Bf1 b6 $16) 30... Qe7 (30... Qd6 $142 31. Qb3 Qc7 32. Qc3+ Ne5) 31. Rb1 $18 Ne5 32. Rb6 Kh6 33. h5 Qc7 (33... Rf8 $142 34. hxg6 hxg6) 34. Qb2 Nd7 35. Ne6 (35. Re6 $18 Rxe6 36. Bxe6 (36. Nxe6 Qe5 $16)) 35... Qe5 $16 36. Qxe5 Nxe5 37. hxg6 hxg6 38. Nxc5 Re7 39. f4 Nxc4 40. Bxc4 Rc7 41. Nd3 Rxc4 {[%mdl 4096] Endgame KRB-KRN} 42. Ne5 Rc2 (42... Re4 $14) 43. Nxg6 ({Don't do} 43. Rxg6+ Kh7 $14) 43... Kh5 {[#]} (43... Bd7 $16 {was called for.}) 44. a4 $2 (44. Ne5 $1 $18) 44... Kg4 $11 45. Ne5+ Kxg3 {[%cal Rc2c1]} 46. Rg6+ Kh3 47. a5 {[%cal Ba4a5,Ba5b6][%mdl 32]} b5 $2 {[%mdl 8192]} (47... Ra2 $11) 48. axb6 $18 a5 {[#]} 49. Nd3 $1 {[%cal Rd3f2] Threatens to win with Nf2+.} Ba6 $2 (49... Kh4 $18 50. Rg7 Rc3) 50. Nf2+ {Precision: White = 63%, Black = 42%.} 1-0

[Event "Budapest Spring Festival 2018"]
[Site "Budapest"]
[Date "2018.04.18"]
[Round "1"]
[White "Turov, Maxim"]
[Black "Karpus, Michal"]
[Result "1/2-1/2"]
[WhiteElo "2610"]
[BlackElo "2342"]
[Annotator "TA"]
[PlyCount "125"]
[EventDate "2018.??.??"]
[EventType "swiss"]
[EventCountry "HUN"]
[SourceTitle "playchess.com"]
[Source "ChessBase"]
[SourceQuality "1"]

{[%evp 11,125,12,38,0,41,42,35,29,42,29,31,31,37,37,37,43,29,36,44,29,63,49,66,56,60,64,99,58,61,50,129,136,131,135,116,61,49,37,32,25,35,20,21,17,17,17,17,16,17,8,22,14,40,40,40,40,40,40,40,22,29,21,55,23,28,0,0,0,0,0,49,0,93,0,39,0,0,0,49,50,47,45,54,31,36,66,69,75,166,0,73,0,0,13,126,126,120,0,0,0,0,0,0,0,0,0,0,0,0,0,0,0,0,0,0,0]} 1. Nf3 d5 2. g3 Nf6 3. Bg2 g6 4. O-O Bg7 5. d4 O-O 6. c4 e6 {LiveBook: 173 Games} 7. Qb3 {D77: Fianchetto Grünfeld: 6 0-0: Replies other than 6...c6} Nbd7 8. Bf4 c6 9. Nbd2 {White is slightly better.} b6 10. a4 $146 ({Predecessor:} 10. Rac1 Bb7 11. Rfe1 Qe7 12. cxd5 Nxd5 {0-1 (68) Mchedlishvili,M (2631)-Fridman,D (2621) Ajaccio 2007}) 10... a5 11. Rfc1 Bb7 12. cxd5 exd5 13. Ne5 $36 {[%mdl 2048] Black is under pressure.} Nxe5 14. Bxe5 Re8 15. e3 Nh5 16. Bxg7 $1 Nxg7 17. Qa3 Ne6 18. b4 Qd7 19. bxa5 Rxa5 20. Qb4 Rea8 (20... Ra6 $1 $14) 21. Qxb6 $16 Rxa4 22. Rxa4 Rxa4 23. Rb1 ({Better is} 23. Bh3 $16) 23... Ba6 $14 24. Bh3 Bb5 25. Nf3 Qc7 26. Qxc7 Nxc7 27. Ne5 f6 28. Nd7 Kf7 29. Bf1 Ke7 30. Nc5 Ra8 (30... Ra3 {is interesting.} 31. h4 h5 32. Bxb5 Nxb5 33. Rb2 Kd6) 31. g4 Rf8 32. Bxb5 cxb5 {[%mdl 4096] Endgame KRN-KRN} 33. Nd3 Ra8 34. h4 Ra3 35. Nc5 Kd6 36. Kg2 Kc6 37. Kf3 Na6 38. Ne6 b4 {[%cal Bb5b4,Bb4b3][%mdl 32]} 39. Nf8 b3 $1 40. Nxh7 Nc7 41. Ke2 Ra2+ (41... Nb5 $1 $11 {keeps the balance.} 42. Kd3 b2+ 43. Kc2 Ra7 44. Nxf6 Na3+ 45. Kxb2 Rb7+ 46. Kxa3 Rxb1) 42. Ke1 (42. Kd1 $16) 42... Ra3 43. Nf8 Nb5 $1 {[%cal Rb5c3] [#] And now ...Nc3 would win.} 44. Kd2 $1 ({Don't blunder} 44. Nxg6 $2 Nc3 $19) 44... Ra2+ 45. Kd3 Rxf2 46. Rxb3 Nd6 $1 {[%cal Rd6e4] next ...Ne4 is good for Black.} 47. Rc3+ Nc4 {[%csl Gc4][%cal Rf2d2]} 48. Rc1 g5 49. h5 Rf3 {[#]} (49... Rd2+ $16 50. Kc3 Rh2) 50. Rh1 $2 (50. h6 $1 $18) 50... Rxe3+ $11 51. Kc2 {Strongly threatening h6.} Re8 52. Ng6 Nd6 (52... Ne3+ $11 {remains equal.} 53. Kd2 Nxg4) 53. h6 $16 Nf7 54. Rf1 (54. h7 $16 Nh8 55. Nxh8 Rxh8 56. Rh6) 54... Nxh6 $11 {The position is equal.} 55. Rxf6+ Kb5 56. Ne5 Rxe5 57. dxe5 Nxg4 {KR-KN} 58. Re6 Kc4 59. Rc6+ Kb5 60. Re6 {Hoping for Kd3.} Kc4 61. Re8 {Threatens to win with Rc8+.} Kd4 62. e6 {Rf8 is the strong threat.} Ke5 63. e7 {Precision: White = 55%, Black = 57%.} 1/2-1/2

[Event "Budapest Spring Festival 2018"]
[Site "Budapest"]
[Date "2018.04.18"]
[Round "1"]
[White "Sedlak, Nikola"]
[Black "Cerovic, Danilo"]
[Result "1-0"]
[WhiteElo "2604"]
[BlackElo "2330"]
[Annotator "TA"]
[PlyCount "115"]
[EventDate "2018.??.??"]
[EventType "swiss"]
[EventCountry "HUN"]
[SourceTitle "playchess.com"]
[Source "ChessBase"]
[SourceQuality "1"]

{[%evp 12,115,12,0,45,44,37,13,15,12,12,14,24,15,50,20,23,17,26,0,12,0,0,0,0,0,0,0,6,0,0,0,37,31,43,41,41,41,44,57,58,4,31,-10,0,-56,0,0,0,0,0,0,0,0,28,0,24,27,25,10,13,12,23,23,49,8,29,0,0,0,8,8,12,0,0,7,31,25,77,69,162,152,159,159,159,134,137,150,142,142,166,171,169,191,191,190,185,185,193,194,245,243,237,243,224,225]} 1. d4 Nf6 2. Nf3 g6 3. Nc3 d5 4. Bf4 Bg7 5. Nb5 Na6 6. e3 {D00: 1 d4 d5: Unusual lines} c6 7. Nc3 {LiveBook: 16 Games} O-O 8. Bxa6 {White is slightly better.} bxa6 9. h3 c5 $146 ({Predecessor:} 9... Nd7 10. O-O Bb7 11. Na4 Rc8 12. b4 a5 13. Nc5 Nxc5 14. bxc5 {1-0 (50) Aronian,L (2797)-Vachier Lagrave,M (2793) Caleta 2018}) 10. dxc5 Qa5 11. Be5 {Hoping for Qd4.} Qxc5 12. Qd4 Qa5 13. Qa4 Qc5 14. O-O Bb7 15. Nd4 {[%cal Bf3d4,Bd4b3,Bb3a5][%mdl 32]} Rac8 16. a3 Nh5 {[%cal Bf6h5,Bh5g7,Bg7f5][%mdl 32]} 17. Bxg7 Nxg7 18. Nb3 Qc7 19. Rfd1 Rfd8 20. Rd2 Nf5 21. Rad1 Nd6 {...Nc4 is the strong threat.} 22. Na5 Ba8 23. Nxd5 Bxd5 24. Rxd5 {And now c4 would win.} Qxc2 25. Qxc2 Rxc2 26. e4 (26. Nb7 $1 $14 Nxb7 27. Rxd8+ Nxd8 28. Rxd8+ Kg7 29. Rb8) 26... f6 27. f3 Kf7 28. R1d2 {[#]} (28. e5 $11 fxe5 29. Rxe5) 28... Rdc8 (28... Nxe4 $1 $15 {[%mdl 512]} 29. Rxd8 (29. fxe4 Rxd2) 29... Nxd2) 29. Kf2 $11 g5 30. Ke2 h6 31. Rxc2 Rxc2+ {[%mdl 4096] Endgame KRN-KRN} 32. Rd2 Rc1 33. Nb3 Rb1 34. Kd3 h5 35. Nc5 a5 36. Nb3 Nb7 37. a4 h4 38. Rc2 Rg1 39. Nd4 Rd1+ 40. Ke3 Re1+ 41. Kf2 Rd1 42. Nb5 a6 43. Nc3 Rd4 44. Nd5 {Black must now prevent Ke3.} Rxa4 (44... Nd6 $11 {remains equal.}) 45. Rc7 $1 $16 {[%csl LRb7,LRe7]} Nd6 (45... Nd8 $1 $14) 46. Rxe7+ $18 {White is clearly better.} Kf8 47. Re6 Ne8 48. Rxa6 Ra2 49. Rb6 Kf7 50. f4 gxf4 51. Kf3 a4 52. Rb7+ Kf8 53. Nxf4 Nd6 54. Ng6+ Ke8 55. Rb4 a3 (55... Kd7 {was worth a try.} 56. Rd4 (56. Nxh4 Kc6 $16) 56... Ke6 57. Nxh4 Nf7) 56. bxa3 ({Not} 56. Nxh4 $2 axb2 57. Kf4 {[#]} Nc4 $1 $19 {[%mdl 512]}) 56... Rxa3+ 57. Kf4 Ra2 58. Nxh4 {Precision: White = 61%, Black = 50%.} 1-0

[Event "Budapest Spring Festival 2018"]
[Site "Budapest"]
[Date "2018.04.18"]
[Round "1"]
[White "Deac, Bogdan-Daniel"]
[Black "Orosz, Andras"]
[Result "1/2-1/2"]
[WhiteElo "2578"]
[BlackElo "2324"]
[Annotator "TA"]
[PlyCount "153"]
[EventDate "2018.??.??"]
[EventType "swiss"]
[EventCountry "HUN"]
[SourceTitle "playchess.com"]
[Source "ChessBase"]
[SourceQuality "1"]

{[%evp 14,153,15,8,2,-18,-31,-35,0,0,0,-57,-54,-75,-64,-67,-32,-37,0,0,104,25,42,55,112,86,172,168,257,114,98,113,287,209,191,148,221,218,208,204,215,89,91,-79,-98,-109,-94,-68,153,0,248,264,242,259,249,230,218,173,252,232,244,245,202,28,28,28,28,28,41,41,41,41,67,41,41,41,41,41,41,41,41,41,88,41,41,0,88,41,88,41,122,122,122,122,122,66,66,66,86,66,122,122,122,122,122,122,122,122,122,122,122,122,122,122,122,122,122,122,122,122,122,122,122,122,122,0,122,122,122,122,122,122,122,0,15,15,15,9,10,-8,-8,-8]} 1. e4 e6 2. d4 d5 3. Nd2 Be7 4. Bd3 c5 5. dxc5 Nf6 6. Qe2 O-O 7. Ngf3 {C03: French Tarrasch: Unusual Black 3rd moves} a5 {[%cal Ba7a5,Ba5a4][%mdl 32]} 8. a3 {LiveBook: 3 Games} Nfd7 9. Nb3 $146 {[%cal Bd2b3,Bb3d4,Bd4f5][%mdl 32]} ({Predecessor:} 9. exd5 exd5 10. Nb3 Re8 11. O-O Bf6 12. Qd1 a4 13. Nbd4 Nxc5 14. h3 Nc6 15. Be3 Ne4 16. c3 Bd7 17. Re1 Na5 18. Qc2 Nc4 19. Rad1 Qc7 20. Bc1 Bc6 21. Nxc6 {½-½ (21) Ivanov,A (2554)-Shulman,Y (2614) Ledyard 2008}) 9... a4 $1 {[%cal Ra4b3]} 10. Nbd4 e5 11. Nf5 d4 12. g4 (12. Bb5 $11) 12... Nc6 $15 13. Bb5 Nxc5 14. Kf1 Bxf5 15. gxf5 Qd6 16. h4 Rfd8 (16... Rac8 $11) 17. Bc4 (17. Ng5 $1 $16) 17... Na5 $1 $11 {[%cal Ra5c4]} 18. Bd5 Qc7 (18... Nd7 $14) 19. Rg1 $16 Rxd5 (19... Ra6 $16) 20. exd5 $18 f6 (20... Bf6 $142) 21. Bd2 (21. h5 $1 $18 {and the rest is easy.}) 21... Qd7 $16 22. h5 $1 {[%cal Bh4h5,Bh5h6][%mdl 32]} Qxd5 $2 (22... d3 $16 23. cxd3 Nab3) 23. h6 Nc6 24. hxg7 e4 (24... Ne4 $16 25. Re1 Nd6) 25. Nh2 $1 $18 {[%cal Rh2g4]} d3 26. cxd3 exd3 27. Qf3 (27. Qe3 $18 {and White stays clearly on top. Hoping for Ng4.} Ne5 28. Ng4 Nxg4 29. Rxg4) 27... Ne4 $16 28. Be3 $2 (28. Rd1 $1 $16 {Strongly threatening Ng4.} Ne5 29. Ng4 Nxg4 30. Qxg4) 28... Ne5 $1 $17 {[%cal Re5f3]} 29. Ng4 Nxg4 (29... Nd2+ 30. Bxd2 Ng6 31. Nxf6+ $1 {[%mdl 512]} Kxg7 32. Qxd5 Rb8 33. Bh6+ $1 {[%mdl 512]} Kh8 34. Qf7 Bxf6 35. Qxf6+ Kg8 36. Qg7#) 30. Qxg4 {And now Rd1 would win.} Rc8 $2 (30... Bc5 $1 $15 {stays ahead.}) 31. Rd1 $2 (31. Qh5 $1 $16 Nd6 32. Bf4 Qxf5 33. Qxf5 Nxf5 34. Rd1) 31... Rc2 $2 (31... Bc5 $1 $11) 32. Qh5 $18 Nd6 33. Rg4 Rxb2 34. Rxa4 {Ra8+ would kill now.} b5 35. Rg4 {Black must now prevent Bc5!} Ra2 (35... Rc2 {was necessary.} 36. Bf4 Qxf5 37. Qxf5 Nxf5) 36. Bc5 {White wants to mate with Bxd6.} Qxf5 37. Qxf5 Nxf5 38. Rxd3 $2 ({White should play} 38. Bxe7 $18 Nxe7 39. Rxd3 Ra1+ 40. Kg2) 38... Nh6 $1 $11 {[%cal Rh6g4]} 39. Rh4 Bxc5 40. Rxh6 Kxg7 {[%mdl 4096] Endgame KRR-KRB} 41. Rh2 Ra1+ 42. Ke2 Rxa3 43. Rxa3 (43. Rd7+ {seems wilder.} Kg8 44. Rhxh7 Ra2+ 45. Kd3 Bxf2 46. Rdg7+) 43... Bxa3 $14 {KR-KB} 44. Rh5 b4 45. Rb5 {[%mdl 1024] White has compensation.} Kg6 46. Kf3 h5 47. Kg3 Kh6 48. Kh4 Kg6 49. Kg3 Kh6 50. Kh3 Kg7 51. Rxh5 Bb2 (51... Kf7 $1 $14) 52. Rb5 $16 Bc3 53. Kg4 Kf7 54. Kf5 {aiming for Rb7+.} Ke7 $1 55. Ke4 Kd6 56. Kd3 Kc6 (56... Ke6 $1 $14 57. Ke4 Kf7) 57. Kc4 Kd6 58. f4 $1 {[%cal Bf2f4,Bf4f5][%mdl 32]} Ke6 59. f5+ Kd6 60. Rd5+ Kc6 61. Rd3 Kb6 62. Rd6+ Kc7 63. Kd5 Be5 64. Rc6+ Kb7 65. Rc4 Bc3 66. Rc5 $1 Kb6 67. Kc4 Be1 68. Rd5 {Threatens to win with Rd6+.} Bc3 69. Rd6+ Kc7 70. Re6 Kd7 71. Rb6 Kc7 {[#]} 72. Ra6 $1 Kd7 {[#]} 73. Rb6 (73. Re6 $1 $16) 73... Kc7 $11 {The position is equal.} 74. Kb5 {Re6 is the strong threat.} Be5 75. Rc6+ Kd7 76. Rxf6 Bxf6 77. Kxb4 {Precision: White = 42%, Black = 49%.} 1/2-1/2

[Event "Budapest Spring Festival 2018"]
[Site "Budapest"]
[Date "2018.04.18"]
[Round "1"]
[White "Vajda, Levente"]
[Black "Dedebas, Emre Emin"]
[Result "1-0"]
[WhiteElo "2577"]
[BlackElo "2320"]
[Annotator "TA"]
[PlyCount "41"]
[EventDate "2018.??.??"]
[EventType "swiss"]
[EventCountry "HUN"]
[SourceTitle "playchess.com"]
[Source "ChessBase"]
[SourceQuality "1"]

{[%evp 16,41,-6,-41,31,10,21,0,0,0,7,-25,-2,-7,107,0,0,-36,70,56,45,67,47,49,29993,29994,29994,29995]} 1. Nf3 d5 2. g3 Nf6 3. Bg2 e6 4. O-O Be7 5. d3 O-O 6. Nbd2 c5 7. e4 Nc6 8. b3 {C00: French: Unusual White 2nd moves} (8. Re1 Qc7 9. e5 Nd7 10. Qe2 b5 11. Nf1 Bb7 12. Bf4 Rfc8 13. Ne3 Qd8 14. h4 h6 15. c3 b4 16. c4 Nb6 17. Rad1 Rc7 18. Ng4 Qf8 19. Qe3 Nd4 20. Nxd4 cxd4 {0-1 (44) Svidler,P (2760)-Kramnik,V (2800) Moscow 2018}) 8... b6 9. Bb2 {LiveBook: 6 Games} dxe4 (9... d4 $15) 10. dxe4 {White is slightly better.} Ba6 $146 ({Predecessor:} 10... Qc7 11. Qe2 Nb4 12. c3 Ba6 13. Nc4 Nc6 14. Rfe1 Rad8 15. Rad1 Rxd1 16. Rxd1 {½-½ (47) Perogio,L (1810)-Ciarloni,G (1684) Porto Sant Elpidio 2015}) 11. Re1 Qc7 12. e5 Nd7 13. c4 Rfd8 14. Qe2 Nf8 (14... Bb7 $11 {remains equal.}) 15. a3 ({White should play} 15. Ne4 $1 $16) 15... Bb7 $11 16. Ne4 Rd7 (16... Ng6 $15) 17. Nf6+ $1 $14 gxf6 18. exf6 Bd6 19. Ng5 {[%mdl 1024] [#] White has compensation.} h6 $2 {[%mdl 8192] [#]} (19... Be5 $1 $14 {[%mdl 512]} 20. Bxe5 Qxe5 21. Qxe5 Nxe5 22. Rxe5 Bxg2 23. Kxg2 Rd3) 20. Qh5 $1 Nd4 21. Bxd4 {Precision: White = 62%, Black = 25%.} 1-0

[Event "Budapest Spring Festival 2018"]
[Site "Budapest"]
[Date "2018.04.18"]
[Round "1"]
[White "Savchenko, Boris"]
[Black "Donchenko, Anatoly"]
[Result "1-0"]
[WhiteElo "2563"]
[BlackElo "2309"]
[Annotator "TA"]
[PlyCount "81"]
[EventDate "2018.??.??"]
[EventType "swiss"]
[EventCountry "HUN"]
[SourceTitle "playchess.com"]
[Source "ChessBase"]
[SourceQuality "1"]

{[%evp 12,81,18,14,35,35,36,35,28,37,35,0,0,-17,-30,-40,-40,-28,-35,-28,-32,-48,-32,-21,-25,-39,-31,-16,23,23,63,56,56,59,61,71,92,72,118,91,110,84,133,133,138,135,167,163,164,95,92,88,99,102,166,149,199,202,187,183,220,155,204,187,194,186,656,652,637,646,642,633]} 1. e4 e5 2. Nf3 Nf6 3. Nc3 Nc6 4. a3 d6 5. d4 Bg4 6. Bb5 {C47: Scotch Four Knights and Four Knights with 4 g3} (6. dxe5 dxe5 7. Qxd8+ Rxd8 8. Bb5 Bxf3 9. gxf3 Bd6 10. Bg5 O-O 11. Bxf6 gxf6 12. Nd5 Nd4 13. Bd3 Nxf3+ {½-½ (55) Safarli,E (2639)-Anton Guijarro,D (2666) Riadh 2017}) 6... exd4 7. Qxd4 {LiveBook: 7 Games} Bd7 8. Qd3 {White is slightly better.} Be7 9. Bf4 O-O 10. O-O-O $146 ({Predecessor:} 10. O-O Nh5 11. Be3 Bg4 12. Bxc6 bxc6 13. Nd4 {0-1 (45) Ruefenacht,M (2390)-Lematschko,T (2285) Switzerland 1994}) 10... a6 11. Bc4 (11. Bxc6 $5 Bxc6 12. Kb1 $11) 11... b5 12. Ba2 b4 $36 {[%mdl 2048] Black has good play.} 13. Nd5 bxa3 14. Qxa3 Nxd5 15. Bxd5 Rb8 16. c3 Ne5 17. Bxe5 dxe5 18. Qxa6 Bd6 19. Kc2 Rb6 20. Qe2 Qe7 21. Ra1 Rfb8 22. Rhb1 g6 23. Nd2 Kg7 24. Ra5 Qh4 25. g3 Qe7 26. b3 f5 27. Rba1 Bb5 28. Bc4 Bc6 29. exf5 gxf5 30. f4 ({Better is} 30. Re1 $18) 30... exf4 $16 31. Qxe7+ Bxe7 32. gxf4 {aiming for Re5.} Kf6 (32... Be8 $16) 33. Re1 {[#] Black must now prevent Re6+.} Bd7 34. Nf3 Bd6 35. Ne5 Be8 36. Rg1 Rd8 37. Rg8 Rbb8 38. Ra6 Rb6 $2 (38... Rdc8 39. Kd3 Bc6) 39. Rxb6 $18 {White is clearly winning.} cxb6 {[#]} 40. Nf7 $1 {[%mdl 512]} Bxf7 41. Rxd8 {Precision: White = 73%, Black = 39%.} 1-0

[Event "Budapest Spring Festival 2018"]
[Site "Budapest"]
[Date "2018.04.18"]
[Round "1"]
[White "Boruchovsky, Avital"]
[Black "Dankhazi, Andras"]
[Result "1-0"]
[WhiteElo "2559"]
[BlackElo "2300"]
[Annotator "TA"]
[PlyCount "79"]
[EventDate "2018.??.??"]
[EventType "swiss"]
[EventCountry "HUN"]
[SourceTitle "playchess.com"]
[Source "ChessBase"]
[SourceQuality "1"]

{[%evp 25,79,7,10,0,0,-8,-10,-35,0,-17,0,-12,-8,-12,0,0,8,3,13,-9,21,0,0,0,0,0,0,0,0,0,0,0,0,0,76,0,0,0,0,0,0,0,113,98,958,956,816,775,863,793,1447,1177,1136,1070,29976,29978]} 1. e4 e5 2. Nf3 Nc6 3. Bb5 a6 4. Ba4 Nf6 5. d3 d6 6. c3 g6 7. O-O Bg7 8. Re1 O-O 9. Nbd2 b5 10. Bb3 Na5 {C77: Ruy Lopez: 3...a6 4 Ba4 Nf6, unusual lines} 11. Bc2 c5 12. Nf1 h6 13. h3 Qc7 {LiveBook: 3 Games} (13... Nc6 14. Ng3 d5 15. exd5 Nxd5 16. Ne4 Qb6 17. Bd2 Be6 18. Qc1 f5 19. Ng3 Kh7 20. h4 {0-1 (68) Bok,B (2598)-Amin,B (2662) Doha 2016}) 14. Ne3 Nc6 $146 ({Predecessor:} 14... Be6 15. d4 cxd4 16. cxd4 Rfc8 17. b3 d5 18. dxe5 Nxe4 {0-1 (46) Djurhuus,R (2439)-Lie,E (2455) Sandefjord 2012}) 15. Bd2 Be6 16. Bb3 Qd7 (16... c4 $5 17. Bc2 (17. dxc4 Nxe4 18. cxb5 axb5 $11) 17... cxd3 18. Bxd3 Rab8 $11) 17. Qc1 Kh7 18. c4 Nd4 19. Bd1 Nxf3+ 20. Bxf3 b4 21. a3 a5 22. b3 Qb7 23. Nf5 gxf5 24. exf5 e4 $1 25. dxe4 Bd7 $1 {[%cal Rd7c6] [#] Strongly threatening ...Bc6.} 26. e5 Bc6 27. Bxc6 Qxc6 28. exf6 Bxf6 {...Rg8 is the strong threat.} 29. axb4 {Hoping for b5.} Bxa1 (29... Rg8 $11 30. g4 Bxa1 31. Qxa1 Qf3) 30. Qxa1 (30. b5 $16 Qd7 31. Qxa1 Qxf5 32. Qc3 (32. Bxa5 d5 $11)) 30... Rg8 $11 {[%csl Gg8][%cal Rc6g2]} 31. g4 {Threatens to win with Qf6.} Qf3 $1 32. Re3 Qxf5 33. bxa5 Qg6 (33... h5 $11 {keeps the balance.}) 34. Qe1 $16 f5 $2 {[%mdl 8192] [#]} (34... h5 $16) 35. Re7+ $1 $18 Rg7 36. Re6 Qf7 37. Bc3 Rag8 38. Bxg7 Rxg7 39. Qe3 fxg4 40. Qe4+ {Precision: White = 48%, Black = 32%.} 1-0